LEADER 00863nam a2200205 i 4500 001 000000174426 003 CaOOAMICUS 005 20230221122041.0 008 080908s1931 it u000 u ita u 040 $aSeMil$bita 245 13$aIl bimillenario di Virgilio a Milano. 264 1$aMilano :$b[s.n.],$c1931$e(Como :$fEmo Cavalleri,$g1931) 300 $a292 p., [3] p. di tav. ;$c23 cm. 500 $aIn mezzo al front.: Pubblicazione sotto gli auspici dell'Alta cultura e dell'Atene e Roma 600 04$aVirgilio Marone, Publio <70-19 a.C.>.$0(OLS)http://semarc/subject/3257 850 $aSeMil 852 $aSeMil$W1$xVenegono$y1$m1Z V 35$j237420$B125264$CSeMilBibl$Z2$F136151 $81 996 $6245$aIl bimillenario di Virgilio a Milano$9(OLS)http://semarc/title/250002 996 $6264$aMilano :$b[s.n.]$9(OLS)http://semarc/publisher/29709 LEADER 00468nab a2200145 i 4500 001 000000313120 003 CaOOAMICUS 005 20180831173105.0 008 180831n xx uu u0 0und r 013 $a22212 040 $aSeMil$bita 100 1 $aLercaro, Giacomo,$c.$0(OLS)http://semarc/name/4774 245 10$aS. Tommaso esegeta. 773 0 $t[Luglio-Dicembre].$g118-133$w()274224 996 $6245$aS. Tommaso esegeta$9(OLS)http://semarc/title/387438